00853nam a2200241Ia 450000500170000000800410001702000270005804000190008504100120010408200190011610000240013524500860015926000480024530000130029350400190030660000190032565000480034465100480039285000140044094200070045499900170046195201330047820220801142538.0131103s9999 xx 000 0 und d a074862192XcRs.1330.33 aLoreto College aEnglish a821.4bSPE-CHA aChamberlain,Richard aRadical SpenserbPastoral,politics and the new aestheticism cRichard Chamberlain aEdinburghbEdinburgh University Pressc2005 avi,161p  aIncludes index aSpenser,Edmund aEnglish poetry-Criticism and interpretation aSpenser,Edmund-Criticism and interpretation aLCLIBbPG cBK c37757d88236 00102ddc4070aMAINbMAINcPost Graduated2013-11-04l1o821.4 SPE-CHA 48992pB41025r2001-01-01s2001-01-01w2013-11-04yBKf